Cómo ayudar a los Grupos a tomar Decisiones. / [por] Grace L Elliott

Furkejuvvon:
Bibliográfalaš dieđut
Váldodahkki: Elliott Grace L (autor)
Materiálatiipa: Girji
Ráidu:Col. " Biblioteca para directo de Grupo "
Fáttát:
Fáddágilkorat: Lasit fáddágilkoriid
Eai fáddágilkorat, Lasit vuosttaš fáddágilkora!

MARC

LEADER 00000nam^a2200000^u^4500
001 000539542
005 20250521000000.0
008 060220s1000^^^^^^^^^^^^r^^^^^000^0^spa^d
009 20260310131145.467
035 |a FMI 000007060 
037 |a Acervo Xavier Clavigero 
096 |a 8.7.2/8/B 
100 |a Elliott Grace L  |e (autor) 
245 1 0 |a Cómo ayudar a los Grupos a tomar Decisiones. / [por] Grace L Elliott 
264 |a Mexico : Diana, 1972 
300 |a 79 p. 
336 |a texto  |b txt  |2 rdacontenido 
337 |a sin mediación  |b n  |2 rdamedio 
338 |a volumen  |b nc  |2 rdasoporte 
440 0 |a Col. " Biblioteca para directo de Grupo " 
597 |a Trad. del Ingles ("How to Help Groups Make Decisions ") por Rene Cardenas Barios. 
649 |a XX 
650 |a COMUNICACION HUMANA. 
910 |a Fondo Francisco Migoya Covarrubias S.J. 
920 |a Impresos - Libros 
930 |a Fondos Especiales 
905 |a 134 
901 |a SBC09155  |b IT2  |c ESP  |u 20250521 
902 |a https://opac.biblio.iteso.mx/vufind/Record/000539542